000 00982nac a22002771u 4500
003 EG-ScBUE
005 20241029084140.0
008 241029t2003 ii a f b 001 0 eng d
020 _a0070494932
020 _a9780070494930
040 _aEG-ScBUE
_beng
_erda
_cEG-ScBUE
_dEG-ScBUE
082 0 4 _a518
_bNIY
_222
100 1 _aNiyogi, Pradip,
_eauthor.
245 _aNumerical analysis and algorithms /
_cPradip Niyogi, formerly professor and head, Department of Mathematics, Indian Institute of Technology, Kharagpur.
264 1 _aNew Delhi :
_bTata McGraw-Hill Publishing Company,
_c[2003]
264 4 _cc2003
300 _a572 pages :
_billustrations ;
_c25 cm
336 _2rdacontent
_atext
_btxt
337 _aunmediated
_2rdamedia
_bn
338 _avolume
_bnc
_2rdacarrier
504 _aIncludes bibliographical references and index.
650 7 _aNumerical analysis.
_2BUEsh
650 7 _aAlgorithms.
_2BUEsh
655 _vReading book
942 _cBB
_2ddc
999 _c1348
_d1348